000 00423nam a2200193Ia 4500
008 210210b1871 xxu||||| |||| 00| 0 eng d
041 _aeng
082 _a516/27
100 _aGUTHRIE
245 _aDynamics of a particle
260 _aLondon
_bMacmillan & Co. Ltd.
_c1871
650 _aparticle
650 _aof
650 _aDynamics
650 _aa
690 _astatics
700 _aSTEELE
906 _a007744
999 _c140364
_d140364